| 000 | 01127nmc a2200385 a 4500 | ||
|---|---|---|---|
| 003 | AR-BaBNM | ||
| 005 | 20251128203953.0 | ||
| 008 | 011101s1993 ||||||||||||||000 | spa|| | ||
| 020 | _a84-7046-497-3 | ||
| 040 | _cAR-BaBNM | ||
| 100 | 1 | _aSantana Vega, Lidia E. | |
| 245 | 1 | 0 | _aLos dilemas en la orientación educativa |
| 260 |
_aBuenos Aires _bCincel _c1993 |
||
| 300 | 0 |
_a168 p. _bgráfs. |
|
| 490 | 0 |
_aAula taller de psicopedagogía. Aula _vv. 3 |
|
| 500 | 0 | _aPrólogo de Angel Lázaro Martínez | |
| 504 | _aBibliografía p. 157-168 | ||
| 650 | 4 | _aOBJETIVOS DE LA ORIENTACION | |
| 650 | 4 | _aORIENTACION PROFESIONAL | |
| 650 | 4 | _aINVESTIGACION CIENTIFICA | |
| 650 | 4 | _aPROGRAMAS DE ORIENTACION | |
| 650 | 4 | _aRENDIMIENTO DE LA EDUCACION | |
| 650 | 4 | _aCURSOS DE ORIENTACION | |
| 650 | 4 | _aPSICOLOGIA DE LA EDUCACION | |
| 650 | 4 | _aTECNICAS DIDACTICAS | |
| 650 | 4 | _aTECNOLOGIA EDUCATIVA | |
| 651 | 4 | _aReino Unido | |
| 651 | 4 | _aFrancia | |
| 651 | 4 | _aEstados Unidos | |
| 651 | 4 | _aEspaña | |
| 651 | 4 | _aAlemania | |
| 800 | 1 |
_aCastillo Arredondo, Santiago _edirector |
|
| 942 | _cBK | ||
| 998 | _cCarmen | ||
| 999 |
_c5656 _d5656 |
||